| 000 | 00512cab a2200181 4500 | ||
|---|---|---|---|
| 001 | WB2546-01 | ||
| 008 | 090401t1989 xxu||||| |||| 00| 0 eng d | ||
| 035 | _a(Sirsi) u4082 | ||
| 041 | _aeng | ||
| 245 | _aFarmers changing use of land | ||
| 260 | _c1989 | ||
| 350 | _a0 | ||
| 490 |
_aDaily Telegraph _v21/11/89 p10 |
||
| 520 | _aThe Land Report from the University of Reading looks at the results of £27m invested in farm diversification . | ||
| 690 | _aRURAL PRACTICE | ||
| 942 | _n0 | ||
| 948 | _c04/03/1997 | ||
| 999 |
_c2443 _d2443 |
||